Marketingmanagement Strategie - Instrumente - Umsetzung - Unternehmensführung

Gespeichert in:
Bibliographische Detailangaben
1. Verfasser: Homburg, Christian
Format: Buch
Sprache:Deutsch
Veröffentlicht: Wiesbaden Springer Gabler 2017
Ausgabe:6. überarb. und erweit. Aufl.
Schlagworte:
Tags: Tag hinzufügen
Keine Tags, Fügen Sie das erste Tag hinzu!

MARC

LEADER 00000nam a2200000 4500
001 0234462
005 20240221114215.0
020 |a 978-3-658-13655-0 
041 0 |a ger 
044 |a DE 
245 1 0 |a Marketingmanagement  |b Strategie - Instrumente - Umsetzung - Unternehmensführung  |c Christian Homburg 
250 |a 6. überarb. und erweit. Aufl. 
264 1 |a Wiesbaden  |b Springer Gabler  |c 2017 
300 |a 1368 s. 
610 2 0 |a marketing manažment 
610 2 0 |a správanie spotrebiteľa 
610 2 0 |a zákazníci 
610 2 0 |a výskum trhu 
610 2 0 |a analýza dát 
610 2 0 |a marketing strategický 
610 2 0 |a nástroje marketingové 
610 2 0 |a marketing mix 
610 2 0 |a prognózy 
610 2 0 |a kultúra podniková 
100 1 |a Homburg, Christian